Simulation modeling and analysis / (Record no. 232842)
[ view plain ]
| 000 -LEADER | |
|---|---|
| fixed length control field | 01259cam a22003138i 4500 |
| 001 - CONTROL NUMBER | |
| control field | 17941152 |
| 003 - CONTROL NUMBER IDENTIFIER | |
| control field | Nust |
| 005 - DATE AND TIME OF LATEST TRANSACTION | |
| control field | 20170223155835.0 |
| 008 - FIXED-LENGTH DATA ELEMENTS--GENERAL INFORMATION | |
| fixed length control field | 131114s2013 iau 000 0 eng |
| 010 ## - LIBRARY OF CONGRESS CONTROL NUMBER | |
| LC control number | 2013040962 |
| 020 ## - INTERNATIONAL STANDARD BOOK NUMBER | |
| International Standard Book Number | 9780073401324 (alk. paper) |
| 040 ## - CATALOGING SOURCE | |
| Original cataloging agency | DLC |
| Language of cataloging | eng |
| Transcribing agency | DLC |
| Description conventions | rda |
| Modifying agency | DLC |
| 042 ## - AUTHENTICATION CODE | |
| Authentication code | pcc |
| 050 00 - LIBRARY OF CONGRESS CALL NUMBER | |
| Classification number | QA76.9.C65 |
| Item number | L38 2013 |
| 082 00 - DEWEY DECIMAL CLASSIFICATION NUMBER | |
| Classification number | 003.3 LAW |
| Edition number | 23 |
| 100 1# - MAIN ENTRY--PERSONAL NAME | |
| Personal name | Law, Averill M. |
| 245 10 - TITLE STATEMENT | |
| Title | Simulation modeling and analysis / |
| Statement of responsibility, etc. | Averill M. Law, President Averill M. Law & Associates, Inc. Tucson, Arizona, USA, www.averill-law.com. |
| 250 ## - EDITION STATEMENT | |
| Edition statement | Fifth edition. |
| 263 ## - PROJECTED PUBLICATION DATE | |
| Projected publication date | 1312 |
| 264 #1 - PRODUCTION, PUBLICATION, DISTRIBUTION, MANUFACTURE, AND COPYRIGHT NOTICE | |
| Place of production, publication, distribution, manufacture | Dubuque : |
| Name of producer, publisher, distributor, manufacturer | McGraw-Hill Education, |
| Date of production, publication, distribution, manufacture, or copyright notice | 2013. |
| 300 ## - PHYSICAL DESCRIPTION | |
| Extent | pages cm. |
| 336 ## - CONTENT TYPE | |
| Content type term | text |
| Source | rdacontent |
| 337 ## - MEDIA TYPE | |
| Media type term | unmediated |
| Source | rdamedia |
| 338 ## - CARRIER TYPE | |
| Carrier type term | volume |
| Source | rdacarrier |
| 490 0# - SERIES STATEMENT | |
| Series statement | McGraw-Hill series in industrial engineering and management science |
| 650 #0 - SUBJECT ADDED ENTRY--TOPICAL TERM | |
| Topical term or geographic name entry element | Digital computer simulation. |
| 906 ## - LOCAL DATA ELEMENT F, LDF (RLIN) | |
| a | 7 |
| b | cbc |
| c | orignew |
| d | 1 |
| e | ecip |
| f | 20 |
| g | y-gencatlg |
| 942 ## - ADDED ENTRY ELEMENTS (KOHA) | |
| Source of classification or shelving scheme | |
| Koha item type | Book |
| Withdrawn status | Lost status | Source of classification or shelving scheme | Damaged status | Not for loan | Permanent Location | Current Location | Shelving location | Date acquired | Source of acquisition | Total Checkouts | Full call number | Barcode | Date last seen | Date last checked out | Price effective from | Koha item type | Total Renewals |
|---|---|---|---|---|---|---|---|---|---|---|---|---|---|---|---|---|---|
| Central Library (CL) | Central Library (CL) | First Floor - Computer Science | 02/23/2017 | Progressive International Agencies | 1 | 003.3 LAW | SEECS013683 | 03/16/2026 | 11/09/2020 | 02/23/2017 | Book | ||||||
| Central Library (CL) | Central Library (CL) | First Floor - Computer Science | 02/23/2017 | Progressive International Agencies | 1 | 003.3 LAW | SEECS013684 | 01/07/2022 | 12/05/2021 | 02/23/2017 | Book | ||||||
| Central Library (CL) | Central Library (CL) | First Floor - Computer Science | 02/23/2017 | Progressive International Agencies | 1 | 003.3 LAW | SEECS013685 | 12/07/2021 | 12/05/2021 | 02/23/2017 | Book | ||||||
| Central Library (CL) | Central Library (CL) | First Floor - Computer Science | 02/23/2017 | Progressive International Agencies | 1 | 003.3 LAW | SEECS013686 | 01/07/2022 | 12/05/2021 | 02/23/2017 | Book | 3 |
